|
|
|
|
| LEADER |
00000cam a2200000 a 4500 |
| 001 |
vtls008324943 |
| 003 |
SK-MaSNL |
| 005 |
20260301053653.0 |
| 008 |
250312s1972 xo da e n 000 0 slo |
| 015 |
|
|
|a SNBA1972/07-01702
|
| 035 |
|
|
|a SK01SNK19720017160
|
| 035 |
|
|
|a urn:nbn:sk:snk-amkwqr
|
| 035 |
|
|
|a urn:nbn:sk:snk-am0082uj
|
| 035 |
|
|
|a 950D60DC-DF3E-43B5-AAA4-41556B07699B
|
| 035 |
|
|
|a SKM000019623
|
| 040 |
|
|
|a SNK
|b slo
|c SNK
|e AACR2
|
| 041 |
0 |
|
|a slo
|
| 044 |
|
|
|a xo
|c SK
|
| 080 |
|
|
|a 621.39(075.8)(076.5)
|2 1981
|
| 100 |
1 |
|
|a Kotuliaková, Jana,
|d 1939-
|4 aut
|9 24613
|
| 245 |
1 |
0 |
|a Zbierka príkladov z teórie oznamovacej elektrotechniky
|n 1
|b [určená pre] posl. 4. a 5. roč. Elektrotechn. fak.
|c autori: J. Kotuliaková, K. Láger
|
| 250 |
|
|
|a 1. vyd.
|
| 260 |
|
|
|a Bratislava
|b Slovenská vysoká škola technická
|c 1972
|
| 300 |
|
|
|a 124, [3] s.
|b grafy, ilustr., sch., tab.
|c 4°
|
| 366 |
|
|
|e 100 výt.
|
| 504 |
|
|
|a Bibliogr. odkazy
|
| 650 |
0 |
7 |
|a elektrotechnika
|2 SNKPH
|9 3619
|
| 650 |
0 |
7 |
|a oznamovacia technika
|2 SNKPH
|9 1533
|
| 655 |
|
7 |
|a učebnice vysokých škôl
|2 SNKPH
|9 70191
|
| 655 |
|
7 |
|a zbierky úloh
|2 SNKPH
|9 70562
|
| 700 |
1 |
|
|a Láger, K.
|4 aut
|9 364509
|
| 852 |
|
|
|a Slovenská národná knižnica
|
| 958 |
|
|
|a OND
|
| 958 |
|
|
|a NB
|
| 999 |
|
|
|c 608940
|d 610870
|
| 952 |
|
|
|a SNK
|b SNK
|y PREZ
|7 0
|p 17A0889728
|o snkSB 18472/1
|i snkKSP 5622/72
|0 0
|1 0
|4 0
|d 2015-01-15
|f 1
|l 0
|r 2025-03-20 00:00:00
|w 2026-02-23
|
| 952 |
|
|
|a SNK
|b SNK
|y VYP
|7 0
|o snkSB 18472/1 D1
|i snkKSP 5623/72
|0 0
|1 0
|4 0
|d 2015-01-15
|l 0
|r 2026-02-23 16:16:29
|w 2026-02-23
|